000 00556nam a2200169Ia 4500
005 20250508155940.0
008 008 250505s9999 xx 000 0 eng d
037 _aBooks to be hide in OPAC
040 _aFEDL
_beng
_cFEDL
041 _aeng
_2eng
084 _a379.5423, NOR/O
_qFEDL
245 0 _aReport on public instruction of the north west frontier proince for the quinquennium 1927-32
245 0 _cGovernment of the North-West Frontier Province
300 _a143p.
942 _cHB
_h379.5423, NOR/O
999 _c1360343
_d1360343